000 00925nam a2200229 i 4500
001 78298
003 BD-RjUL
005 20211209083120.0
008 210906s19611381ua b ||| | ara d
035 _a(BD-RjUL)78524
040 _aUkOxU
_beng
_erda
_cUkOxU
_dBD-RjUL
041 _aara
082 _223
_a297.09
_bNAM 1961
100 1 _aNadvī, Abulḥasan ʿAlī,
_d1913-1999,
_eauthor.
_9247412
245 1 0 _a ماذا خسر العالم بانحطاط المسلمين ;; Mādhā khasira al-ʻālam bi-inḥiṭāṭ al-Muslimīn /
_cأبي الحسن علي الحسني الندوي. ;; taʼlīf Abū al-Ḥasan ʻAlī al-Ḥusnī al-Nadwī.
250 _a4th.ed ;; الطبعة الرابعة
264 1 _aAl Qahira :القاهرة :
_bمكتبة دار العربية
_c1961
300 _a303 pages ;
_c24 cm
504 _aIncludes bibliographical references.
650 0 _aIslam
_xHistory
_9247413
942 _2ddc
_cBK
999 _c78298
_d78298